000 00487nam a2200181Ia 4500
008 240925s9999 xx 000 0 und d
020 _a9788126520374
082 _a621.39732 BAK
100 _aBaker, R. Jacob
245 0 _aCMOS Circuit Design, Layout, and Simulation
250 _a2nd
260 _aNew York:
_bJohn Wiley& Sons
_c,2012.
300 _aix, 302p.
_b0
_fOriginal
500 _aIncludes Index
600 _aElectrical Engineering
650 _aTechnology
942 _cBK
999 _c14176
_d14176